Statistics for One Direction Songs by Acronym

Click here to take the quiz!

General Stats

  • This quiz has been taken 4,850 times
  • The average score is 12 of 19

Answer Stats

Hint Answer % Correct
WMYBWhat Makes You Beautiful
99%
OTOne Thing
93%
GBYGotta Be You
88%
IWI Want
87%
IWI Wish
87%
UANUp All Night
80%
MMoments
80%
NNNNa Na Na
77%
TTaken
66%
EAYEverything About You
65%
MTTMore Than This
60%
SMSame Mistakes
55%
SYTSave You Tonight
52%
SUStand Up
51%
TMALTell Me A Lie
48%
SMHStole My Heart
47%
AWAnother World
41%
ISKYI Should've Kissed You
37%
FYForever Young
36%

Score Distribution

Percentile by Number Answered

Percent of People with Each Score

Your Score History

You have not taken this quiz